000 00790nam a2200181Ia 4500
999 _c55884
_d55884
001 22982
003 GE_BSU
005 20210223151309.0
008 181216s1984||||ge |||||||||||||| ||geo||
040 _cGE_BSU
041 _ageo
080 _a821.353.1.09 უ-12
245 _aუახლესი ქართული ლიტერატურის ისტორია :
_bნაწ. 1 /
_cთბილ. სახელმწ. უნ-ტი, უახლესი ქართული ლიტ-რის კათედრა.
264 _aთბილისი :
_bთბილ. უნ-ტის გამ-ბა,
_c1984.
300 _a448 გვ.
_b22 სმ.
653 _aლიტერატურის ისტორია და კრიტიკა
942 _cBK
_2udc